Focus sur: Uglúk - Tolkien - Statistiques

Statistiques générales
  • Ce quiz a été pris 14 fois
  • Le résultat moyen est 5 sur 8
Statistiques - réponses
Informations recherchées Réponses % Correct
Age durant lequel il vécut Troisième
100%
Espèce Orque
93%
Forteresse/contrée Isengard
71%
Première apparition Le Seigneur des Anneaux: Les Deux Tours
71%
Groupe de l'espèce Uruk
71%
Profession et titre Chef d'une troupe d'Uruk-hai de Saroumane
64%
Cité Orthanc
50%
Acteur l'interprétant dans les films Nathaniel Lees
14%
Aucun quiz correspondant
Distribution des résultats
% des personnes avec chaque résultat
Percentile par nombre de réponses
Votre historique - résultats
Vous n’avez pas pris ce quiz